| 000 | 00680nam a2200229 i 4500 | ||
|---|---|---|---|
| 001 | 175762 | ||
| 003 | ES-MaACL | ||
| 005 | 20240502063049.0 | ||
| 007 | t| | ||
| 008 | 101119s1968 sp r ||||1| spa d | ||
| 080 | _a821.134.2-1"19" | ||
| 100 | 0 |
_aGimferrer, Pere, _d1945- _957102 |
|
| 245 | 1 | 3 |
_aLa muerte en Beverly Hills / _cPedro Gimferrer. |
| 250 | _a1ª ed. | ||
| 260 |
_aMadrid : _bCiencia Nueva, _c1968. |
||
| 300 |
_a44, [4] p. , [3] h. ; _c20 cm. |
||
| 490 | 1 |
_aEl Bardo, colección de poesía ; _v42 |
|
| 830 | 0 |
_aEl Bardo (Batlló, José) ; _v42 _9235922 |
|
| 852 |
_aES-MaACL _jE-13603 _xOlim P-361-Ter |
||
| 942 | _2udc | ||
| 999 |
_c175762 _d175762 |
||